| 000 | 00780nam a22002537a 4500 | ||
|---|---|---|---|
| 008 | 131202b xxu||||| |||| 00| 0 eng d | ||
| 020 | _a0-683-30749-5 | ||
| 024 | _cAvailable | ||
| 037 | _cAvailable | ||
| 040 |
_aMBSTU LIBRARY _dMBSTU LIBRARY |
||
| 082 |
_222 _a611.018 ERA |
||
| 100 | _aEroschenko, Victor P. | ||
| 245 | _aAtlas of histology: with functional correlations. | ||
| 250 | _a9th | ||
| 260 |
_aNew York _bLipincott Williams & Wilkings. _c2000 |
||
| 300 |
_a28 cm. _b363 page _f1 _g28 cm. |
||
| 600 | _2Cytology and histology. | ||
| 650 | _2Cytology and histology. | ||
| 700 | _aEroschenko, Victor P. | ||
| 270 |
_aNew York _bNew York _dUSA |
||
| 365 |
_b3239.00 _d3239.00 |
||
| 942 |
_2ddc _cBK |
||
| 999 |
_c916 _d916 |
||